000 00462nam a22001577a 4500
020 _a978-93-95338-39-4
082 _a894.812.3
_bSUD/S
100 _aMURTY, SUDHA
245 _aSWARNACHIRAKULLA PAKSHI
246 _aSWARNACHIRAKULLA PAKSHI
_bSWARNACHIRAKULLA PAKSHI
260 _aTHRISSUR
_bCURRENT BOOKS
_c2023
300 _a115
520 _aTHE BIRD WITH GOLDEN WINGS - ORIGINAL ENGLISH TITLE
650 _aMALAYALAM CHILDRENS LITERATURE
_zKERALA
942 _cBK
999 _c7146
_d7146